Oxidative stress, intrauterine retardation, modes of delivery

Elmentve itt :
Bibliográfiai részletek
Szerző: Hracskó Zsuzsanna
Dokumentumtípus: Cikk
Megjelent: 2008
Sorozat:Acta biologica Szegediensis 52 No. 2
Kulcsszavak:Természettudomány, Biológia
Online Access:http://acta.bibl.u-szeged.hu/22980
LEADER 00656nab a2200181 i 4500
001 acta22980
005 20210413094109.0
008 161017s2008 hu o 0|| eng d
022 |a 1588-385X 
040 |a SZTE Egyetemi Kiadványok Repozitórium  |b hun 
041 |a eng 
100 1 |a Hracskó Zsuzsanna 
245 1 0 |a Oxidative stress, intrauterine retardation, modes of delivery  |h [elektronikus dokumentum] /  |c  Hracskó Zsuzsanna 
260 |c 2008 
300 |a 339-340 
490 0 |a Acta biologica Szegediensis  |v 52 No. 2 
695 |a Természettudomány, Biológia 
856 4 0 |u http://acta.bibl.u-szeged.hu/22980/1/biologica_052_numb_002_339-340.pdf  |z Dokumentum-elérés